00946nam a2200205 a 450000100100000000500170001000800410002704000250006808200150009310000410010824500930014924600810024226000540032330000350037749000330041271000460044583000410049195201910053299900170072300004614420201002052651.0150626s1978 cu ac 000 0 spa d aDO-SdBNPbspacBNPHU axxxxbxxxx1 aÁlvarez Quiñones, Roberto97419610a1916 :bocupación yanqui de la República Dominicana /cRoberto Álvarez Quiñones.10aMil novecientos dieciséis: ocupación yanqui de la República Dominicana aLa Habana, Cuba :bCasa de las Américas,c1978. a59 p. :bil., retrs. ;c20 cm.1 aNuestros paísesaresúmen22aCasa de las Américas (La Habana)962524 0aNuestros países.presúmen932317 001050718MOaPDbPDcCTd2015-06-26iLF1l0oxxxx xxxxp46144-10r2020-06-25w2020-06-25y1zPerteneció a la biblioteca personal de Chiqui Vicioso / Fidelio Despradel.ZNo se presta c45633d45633